000 00362nam a22001217a 4500
020 _a0-442-21579-7
082 _a658.5 CRI'S
100 _aCRINER, E. A
_956694
245 _aSUCCESSFUL COST REDUCTION PROGRAMS FOR ENGINEERS AND MANAGER, COSTS INDUSTRIAL COST CONTROL ENGIEERING ECONOMY
260 _aNEWYORK
_bVAN NOSTRAND
_c1984
300 _a375P
942 _cBK
999 _c567061
_d567061